[Event "Detroit (Class C/3/3)"]
[Site "?"]
[Date "1996.??.??"]
[Round "?"]
[White "Wright, Ken"]
[Black "Piasecki, K."]
[Result "0-1"]
[WhiteElo "1605"]
[BlackElo "1605"]
[PlyCount "144"]
[EventDate "1996.??.??"]

{3/(3)} 1. e4 c5 2. Bc4 Nc6 3. Qf3 e6 4. Qd1 Nf6 5. Nc3 d5 6. exd5 exd5 7. Bb5
Bd7 8. Bxc6 Bxc6 9. d4 Be7 10. Be3 Qb6 11. b3 O-O 12. Nf3 Ne4 13. Nxe4 dxe4 14.
Ne5 Rad8 15. c3 cxd4 16. Bxd4 Bc5 17. Nc4 Bxd4 18. cxd4 Qxd4 19. Qc1 Rfe8 20.
O-O f5 21. Ne3 Qf6 22. Qc4+ Kh8 23. h3 f4 24. Ng4 Qg6 25. Qc5 Rd5 26. Qc3 Rg5
27. g3 h5 28. gxf4 Rf5 29. Qg3 hxg4 30. hxg4 Rd5 31. f5 Qg5 32. Rfe1 Rd3 33.
Re3 Rxe3 34. fxe3 Rd8 35. Re1 Rd2 36. a3 Rd3 37. Re2 Qd8 38. g5 Rd1+ 39. Kf2
Rd2 40. g6 Rxe2+ 41. Kxe2 Qd3+ 42. Kf2 Qd2+ 43. Kg1 Qd1+ 44. Kh2 Qh5+ 45. Kg1
Be8 46. Qf4 Qd1+ 47. Kh2 Qe2+ 48. Kg1 Qd1+ 49. Kh2 Qh5+ 50. Kg3 Qf3+ 51. Qxf3
exf3 52. Kxf3 Kg8 53. e4 Bc6 54. Kf4 Kf8 55. e5 Bd5 56. b4 Ke7 57. Ke3 Bb3 58.
Kf4 Bc2 59. Kg5 Kf8 60. f6 Kg8 61. e6 Kf8 62. e7+ Ke8 63. fxg7 Bb3 64. Kh6 Bg8
65. Kg5 Kxe7 66. a4 Ke6 67. b5 Ke5 68. a5 b6 69. a6 Ke6 70. Kh6 Kf6 71. Kh5
Kxg7 72. Kg5 Bc4 0-1

[Event "Detroit (Class C/4/6)"]
[Site "?"]
[Date "1996.??.??"]
[Round "?"]
[White "Wright, Ken"]
[Black "Motley, Gerald"]
[Result "1-0"]
[WhiteElo "1605"]
[BlackElo "1605"]
[PlyCount "99"]
[EventDate "1996.??.??"]

{4/(6)} 1. Nf3 Nc6 2. e4 e5 3. Bb5 Nge7 4. O-O a6 5. Bxc6 Nxc6 6. d4 d6 7. d5
Ne7 8. h3 Bd7 9. Bg5 f6 10. Be3 g5 11. Nh2 h5 12. g4 hxg4 13. hxg4 Ng6 14. f3
Qe7 15. c4 Rh6 16. Nc3 Qh7 17. Rf2 Be7 18. b4 Kf7 19. a4 Rh8 20. Raa2 Rh3 21.
c5 dxc5 22. bxc5 Nf4 23. d6 cxd6 24. cxd6 Rg3+ 25. Kh1 Bd8 26. Bxf4 gxf4 27.
Rab2 Kg6 28. Rxb7 Kg5 29. Qe2 Qf7 30. Qxa6 Qh7 31. Qe2 Ba5 32. Nd5 Bd8 33. Nc7
Kg6 34. Ne6 Ba5 35. Nc5 Rd8 36. Nb3 Bc3 37. a5 Qf7 38. a6 Qe8 39. Qc2 Be1 40.
Rf1 Bb5 41. Rxe1 Bxa6 42. Re7 Qh8 43. Qf2 Rxd6 44. Nc5 Bc4 45. Ra1 Qd8 46. Qc2
Bg8 47. Nf1 Qxe7 48. Nxg3 fxg3 49. Kg2 Rc6 50. Rc1 {[Remain illegible; 1-0,
time, 73?]} 1-0

[Event "Howell (US Am N/1/44)"]
[Site "?"]
[Date "1996.??.??"]
[Round "?"]
[White "Wright, Ken"]
[Black "Holladay, Jason"]
[Result "1-0"]
[WhiteElo "1615"]
[BlackElo "1605"]
[PlyCount "93"]
[EventDate "1996.??.??"]

{1/(44)} 1. e4 e5 2. Nf3 Nc6 3. Bc4 Nf6 4. d3 h6 5. Be3 d5 6. exd5 Nxd5 7. O-O
Be7 8. d4 Be6 9. Bxd5 Qxd5 10. Nc3 Qd7 11. d5 e4 12. Ne1 Ne5 13. dxe6 Qxe6 14.
Qd5 c6 15. Qxe4 O-O 16. Nd3 Bd6 17. Nxe5 Qxe5 18. Qxe5 Bxe5 19. Rad1 b6 20. Rd3
Rad8 21. f4 Bf6 22. Rfd1 c5 23. Ne4 Rxd3 24. Nxf6+ gxf6 25. Rxd3 Re8 26. Kf2 f5
27. Rd7 a6 28. Rd6 Re6 29. Rxe6 fxe6 30. a4 Kf8 31. h3 Ke7 32. g4 Kd6 33. g5
hxg5 34. fxg5 Ke7 35. h4 e5 36. Kf3 f4 37. Bd2 c4 38. Ke4 Kf7 39. Bc3 Kg6 40.
Bxe5 Kh5 41. Kxf4 Kg6 42. Kg4 b5 43. h5+ Kh7 44. g6+ Kg8 45. h6 c3 46. h7+ Kf8
47. h8=Q+ 1-0

[Event "Eastpointe (EDO/4/19)"]
[Site "?"]
[Date "1996.??.??"]
[Round "?"]
[White "Wozniak, J."]
[Black "DeBlasio, N."]
[Result "1-0"]
[WhiteElo "1605"]
[BlackElo "1605"]
[PlyCount "47"]
[EventDate "1996.??.??"]

{4/(19)} 1. e4 Nf6 2. e5 Ne4 3. Qe2 d5 4. exd6 Nxd6 5. d4 Nf5 6. c3 e6 7. Nf3
c5 8. dxc5 a6 9. b4 g6 10. Bf4 Nd7 11. Qc2 Bg7 12. Bc4 O-O 13. O-O b5 14. Bb3
Bb7 15. Nbd2 Nf6 16. Be5 Bh6 17. Rad1 Ng4 18. Rfe1 Nh4 19. Nxh4 Qxh4 20. Bg3
Qe7 21. Ne4 e5 22. Nd6 Kh8 23. h3 Qg5 24. Nxb7 1-0

[Event "Eastpointe (EDO/2/23)"]
[Site "?"]
[Date "1996.??.??"]
[Round "?"]
[White "Wozniak, J."]
[Black "Berry, DeMarcus"]
[Result "1-0"]
[WhiteElo "1605"]
[BlackElo "1605"]
[PlyCount "105"]
[EventDate "1996.??.??"]

{2/(23)} 1. e4 c5 2. Nf3 d6 3. d4 cxd4 4. Nxd4 Nf6 5. Nc3 Nc6 6. Bb5 Bd7 7. O-O
g6 8. Be3 Rc8 9. Qd2 Bg7 10. Rad1 O-O 11. f3 Nh5 12. Nxc6 Bxc6 13. Bxc6 Rxc6
14. Bh6 Qc8 15. Bxg7 Nxg7 16. Qe3 b6 17. Nd5 Re8 18. c3 f5 19. e5 Qe6 20. f4
Rc5 21. exd6 exd6 22. Qd4 Rf8 23. Rfe1 Rxd5 24. Qxd5 Qxd5 25. Rxd5 Rd8 26. Re7
a6 27. Rb7 Ne6 28. g3 Nc5 29. Rxb6 Ne4 30. Rxa6 Kf7 31. c4 Rc8 32. b3 Ke6 33.
a4 Rd8 34. b4 Rc8 35. Rd4 Rb8 36. b5 Rc8 37. b6 Nc5 38. b7 Nxb7 39. Ra7 Rc7 40.
Rd2 Kd7 41. a5 Kc8 42. a6 Kb8 43. Rxb7+ Rxb7 44. axb7 Kxb7 45. Rxd6 Kc7 46. Rf6
Kd7 47. Rf7+ Ke6 48. Rxh7 Kf6 49. c5 Ke6 50. c6 Kd6 51. c7 Ke6 52. c8=Q+ Kf6
53. Qc6# 1-0

[Event "Detroit (Class DE/5/8)"]
[Site "?"]
[Date "1996.??.??"]
[Round "?"]
[White "Worley, Ron"]
[Black "Williams, Claude"]
[Result "0-1"]
[WhiteElo "1605"]
[BlackElo "1605"]
[PlyCount "68"]
[EventDate "1996.??.??"]

{5/(8)} 1. e4 d5 2. exd5 Nf6 3. Nc3 Bg4 4. Nf3 Nxd5 5. Nxd5 Qxd5 6. b3 Nc6 7.
Bc4 Qe4+ 8. Be2 Bxf3 9. gxf3 Qe5 10. Ba3 Nd4 11. Kf1 Nxe2 12. Qe1 O-O-O 13. Rd1
e6 14. Bxf8 Rhxf8 15. Qxe2 Qf5 16. Kg2 Rd5 17. Rhf1 Qg6+ 18. Kh1 Rfd8 19. f4
Qxc2 20. Rc1 Qxd2 21. Qc4 R8d7 22. Rfd1 Qxf2 23. Rxd5 exd5 24. Qb4 Qf3+ 25. Kg1
Qe3+ 26. Kg2 Qxc1 27. Qf8+ Rd8 28. Qxf7 Qc2+ 29. Kf3 d4 30. Qe6+ Kb8 31. Qe7
Qd3+ 32. Kg4 Qg6+ 33. Kf3 Qe8 34. Qxg7 d3 0-1

[Event "Flint (MI Jr Spon/2)"]
[Site "?"]
[Date "1996.??.??"]
[Round "?"]
[White "Worley, Ron"]
[Black "Vangilder, W."]
[Result "0-1"]
[WhiteElo "1605"]
[BlackElo "1605"]
[PlyCount "75"]
[EventDate "1996.??.??"]

1. e4 Nc6 2. Bc4 Nf6 3. Nc3 d6 4. f4 Bg4 5. Nf3 e6 6. h3 Bxf3 7. Qxf3 Be7 8. d3
Nd4 9. Qf2 c5 10. Be3 Qb6 11. Bxd4 cxd4 12. Nd1 O-O 13. O-O Qa5 14. Kh2 Qh5 15.
Qf3 Qc5 16. g4 d5 17. exd5 exd5 18. Bb3 a6 19. g5 Nd7 20. Bxd5 Qxc2+ 21. Rf2
Qc7 22. Kh1 Kh8 23. Bxb7 Rab8 24. Be4 Nc5 25. Rc1 Qd7 26. Bxh7 g6 27. Bxg6 fxg6
28. h4 Qb7 29. Qxb7 Rxb7 30. a3 Nxd3 31. Rcc2 Nxf2+ 32. Rxf2 Bc5 33. b4 Bb6 34.
Nb2 Rbf7 35. Nc4 Bc7 36. f5 Rxf5 37. Rd2 Rf4 38. Kg2 0-1

[Event "Detroit (Class DE/2/14)"]
[Site "?"]
[Date "1996.??.??"]
[Round "?"]
[White "Worley, Ron"]
[Black "Sobh, Raed"]
[Result "1-0"]
[WhiteElo "1605"]
[BlackElo "1605"]
[PlyCount "83"]
[EventDate "1996.??.??"]

{2/(14)} 1. e4 e5 2. f4 f6 3. Bc4 Nc6 4. Nf3 d6 5. O-O Bd7 6. fxe5 fxe5 7. d4
Qf6 8. Nc3 Be6 9. d5 Bg4 10. dxc6 bxc6 11. Bg5 Qxg5 12. Nxg5 Bxd1 13. Raxd1 Nh6
14. Rf3 O-O-O 15. Ne2 Re8 16. Ng3 g6 17. Be6+ Kb8 18. Rb3+ Ka8 19. Bd7 a6 20.
Bxc6+ Ka7 21. Bxe8 Be7 22. Nf7 Nxf7 23. Bxf7 h5 24. Rd5 c6 25. Ra5 Bd8 26. Ra4
Bb6+ 27. Kh1 Rf8 28. Bc4 h4 29. Rxa6+ Kb7 30. Rbxb6+ Kc7 31. Rxc6+ Kb7 32. Nf1
Rc8 33. Rxc8 Kxc8 34. Ra7 g5 35. Bd5 Kb8 36. Rb7+ Kc8 37. a4 g4 38. a5 h3 39.
g3 Kd8 40. a6 Ke8 41. a7 Kf8 42. a8=R# 1-0

[Event "Detroit (Class DE/4/5)"]
[Site "?"]
[Date "1996.??.??"]
[Round "?"]
[White "Worley, Ron"]
[Black "Jackson, Don"]
[Result "0-1"]
[WhiteElo "1605"]
[BlackElo "1605"]
[PlyCount "50"]
[EventDate "1996.??.??"]

{4/(5)} 1. e4 g5 2. d4 h6 3. Bc4 Bg7 4. Nc3 c5 5. Be3 Nc6 6. Qh5 e6 7. d5 Ne5
8. Bb3 Nf6 9. Qe2 d6 10. Nf3 Nxf3+ 11. Qxf3 e5 12. O-O-O Bg4 13. Qg3 Bxd1 14.
Nxd1 Nxe4 15. Ba4+ Kf8 16. Qf3 Nf6 17. g3 e4 18. Qg2 Qa5 19. b3 Qb4 20. g4 Nxd5
21. Bd2 Qd4 22. c3 Qe5 23. Re1 Nf4 24. Bxf4 Qxf4+ 25. Kb2 Qd2+ 0-1

[Event "Detroit (MI Action/1/1)"]
[Site "?"]
[Date "1996.??.??"]
[Round "?"]
[White "Wood, C."]
[Black "Thompson, Dexter"]
[Result "0-1"]
[WhiteElo "1605"]
[BlackElo "2305"]
[PlyCount "84"]
[EventDate "1996.??.??"]

{1/(1)} 1. c4 e5 2. g3 c6 3. Nc3 d5 4. cxd5 cxd5 5. Bg2 Nf6 6. d3 Nc6 7. Bg5 d4
8. Ne4 Bb4+ 9. Kf1 Be7 10. Bxf6 gxf6 11. Qd2 h5 12. Rc1 Qb6 13. Qc2 Be6 14. b3
Rc8 15. h4 Kf8 16. Bh3 Nb4 17. Qb2 Rxc1+ 18. Qxc1 Nxa2 19. Qb2 Qxb3 20. Qxb3
Bxb3 21. Nf3 Kg7 22. Kg2 Nc3 23. Nfd2 Bd5 24. Bf5 Nxe2 25. Re1 Nc3 26. Rc1 Bb4
27. Kh2 a5 28. Nb1 Nxb1 29. Rxb1 Be6 30. Bxe6 fxe6 31. Rc1 Rf8 32. Nc5 Bxc5 33.
Rxc5 b6 34. Rc6 Rb8 35. Rxe6 b5 36. Ra6 a4 37. Ra7+ Kg6 38. Rc7 b4 39. Rc2 b3
40. Rb2 a3 41. Rb1 a2 42. Ra1 b2 0-1

[Event "Detroit (Beg/3/2)"]
[Site "?"]
[Date "1996.??.??"]
[Round "?"]
[White "Wood, C."]
[Black "Sobh, Tarek"]
[Result "1-0"]
[WhiteElo "1605"]
[BlackElo "1605"]
[PlyCount "83"]
[EventDate "1996.??.??"]

{3/(2)} 1. c4 Nf6 2. Nc3 e5 3. g3 d5 4. Bg2 dxc4 5. Qa4+ c6 6. Qxc4 Be6 7. Qa4
Nbd7 8. d3 a5 9. Nf3 h6 10. Be3 Bb4 11. O-O Nd5 12. Nxd5 Bxd5 13. a3 Bc5 14.
Bxc5 Nxc5 15. Qc2 Qb6 16. Nxe5 Bxg2 17. Kxg2 O-O 18. Rac1 Nb3 19. Nd7 Qd8 20.
Nxf8 Nxc1 21. Rxc1 Kxf8 22. Qc5+ Kg8 23. Rc3 a4 24. Rc4 Ra5 25. Qd4 Qe7 26.
Rxa4 Rxa4 27. Qxa4 Qxe2 28. Qa8+ Kh7 29. Qxb7 Qc2 30. b4 f6 31. Qa6 Qc3 32. a4
Qxb4 33. Qxc6 Qa3 34. Qb5 Qf8 35. a5 Qa8+ 36. Kg1 Qf3 37. a6 h5 38. Qc4 f5 39.
a7 g6 40. Qc7+ Kh8 41. Qc8+ Kh7 42. a8=Q 1-0

[Event "Detroit (Beg/1/2)"]
[Site "?"]
[Date "1996.??.??"]
[Round "?"]
[White "Wood, C."]
[Black "Meuser, B."]
[Result "1-0"]
[WhiteElo "1605"]
[BlackElo "1605"]
[PlyCount "111"]
[EventDate "1996.??.??"]

{1/(2)} 1. c4 e5 2. Nc3 Nc6 3. Nf3 Nf6 4. d3 Bc5 5. g3 d6 6. Bg2 Bg4 7. O-O Qd7
8. Re1 O-O-O 9. Bg5 h6 10. Bxf6 gxf6 11. a3 Bd4 12. Qd2 Bxc3 13. Qxc3 Bxf3 14.
Bxf3 h5 15. h4 Nd4 16. Bg2 Qg4 17. Qd2 Nb3 18. Bxb7+ Kd7 19. Qe3 Nxa1 20. Rxa1
Rb8 21. Bf3 Qd4 22. Qxd4 exd4 23. b4 f5 24. Rb1 a5 25. b5 Rhg8 26. Bxh5 f6 27.
Bf3 f4 28. Kg2 Rg7 29. g4 Rh8 30. Kh3 Rgh7 31. h5 Rf8 32. b6 cxb6 33. Rxb6 f5
34. Rb7+ Ke6 35. Rxh7 fxg4+ 36. Bxg4+ Ke5 37. Ra7 Rb8 38. Rxa5+ Kf6 39. Rb5 Ra8
40. Rb3 Ke7 41. h6 Kf6 42. Rb6 Rxa3 43. Rxd6+ Ke7 44. Rg6 Ra8 45. c5 Kf7 46.
Rg7+ Kf6 47. c6 Rh8 48. Ra7 Rxh6+ 49. Kg2 Kg5 50. Bd7 Rh7 51. c7 Rxd7 52. Ra5+
Kh4 53. c8=Q Rg7+ 54. Kf1 Rg6 55. Qh8+ Kg4 56. Qh5# 1-0

[Event "Ann Arbor (Mini-Swiss/3/12)"]
[Site "?"]
[Date "1996.??.??"]
[Round "?"]
[White "Wood, C."]
[Black "Burghardt, Lance"]
[Result "0-1"]
[WhiteElo "1605"]
[BlackElo "1605"]
[PlyCount "79"]
[EventDate "1996.??.??"]

{3/(12)} 1. c4 d5 2. cxd5 Qxd5 3. Nc3 Qd8 4. Nf3 Nc6 5. g3 Nf6 6. Bg2 e5 7. d3
Bc5 8. O-O O-O 9. a3 a5 10. Qa4 Bd7 11. Qb5 b6 12. Bg5 Nd4 13. Bxf6 gxf6 14.
Qc4 Be6 15. Qa4 Bb3 16. Nxd4 Bxa4 17. Bxa8 Qxa8 18. Ne6 fxe6 19. Nxa4 Bd6 20.
Rac1 e4 21. d4 c5 22. dxc5 bxc5 23. Nxc5 Qd5 24. Rfd1 Qe5 25. f4 Qxb2 26. Nxe6
Qxa3 27. Nxf8 Bxf8 28. Rc8 Qe3+ 29. Kf1 Kf7 30. Rdd8 Be7 31. Rd7 Qa3 32. Rcc7
e3 33. Rxe7+ Qxe7 34. Rxe7+ Kxe7 35. Ke1 Kd6 36. Kd1 Kc5 37. Kc2 a4 38. Kc3 a3
39. Kb3 a2 40. h4 0-1

[Event "Kalamazoo (Swiss/4/7)"]
[Site "?"]
[Date "1996.??.??"]
[Round "?"]
[White "Witz, B."]
[Black "Phillips, T."]
[Result "0-1"]
[WhiteElo "1605"]
[BlackElo "1605"]
[PlyCount "48"]
[EventDate "1996.??.??"]

{4/(7)} 1. c4 Nf6 2. d4 e6 3. Bg5 Be7 4. e3 d5 5. c5 b6 6. Bb5+ c6 7. Bxf6 Bxf6
8. Bd3 bxc5 9. Nf3 cxd4 10. exd4 c5 11. Bb5+ Bd7 12. Bxd7+ Qxd7 13. O-O Nc6 14.
Nc3 Nxd4 15. Nxd4 Bxd4 16. Qc2 Rb8 17. Rab1 c4 18. b3 cxb3 19. axb3 Rc8 20. g4
Rxc3 21. Qd2 e5 22. Rfe1 Qxg4+ 23. Kh1 Rh3 24. Rg1 Qe4+ 0-1

[Event "Kalamazoo (Swiss/5/10)"]
[Site "?"]
[Date "1996.??.??"]
[Round "?"]
[White "Witz, B."]
[Black "Nolan, Matthew"]
[Result "0-1"]
[WhiteElo "1605"]
[BlackElo "1605"]
[PlyCount "84"]
[EventDate "1996.??.??"]

{5/(10)} 1. e4 c5 2. Nf3 d6 3. Bc4 Nf6 4. d3 g6 5. Nc3 Bg7 6. Nd5 Be6 7. Nxf6+
Bxf6 8. Be3 Bxc4 9. dxc4 Bxb2 10. Qb1 Bc3+ 11. Bd2 Bxa1 12. Qxa1 O-O 13. Bh6 f6
14. Ng5 Re8 15. O-O e5 16. f4 fxg5 17. fxe5 dxe5 18. a4 Qd4+ 19. Qxd4 cxd4 20.
Rb1 b6 21. Bxg5 Rc8 22. Rb4 Nd7 23. Bh6 a5 24. Rb5 Rc5 25. Rxc5 bxc5 26. g4 Nb6
27. g5 Nxa4 28. h4 Nb2 29. c3 d3 30. h5 gxh5 31. g6 hxg6 32. Bc1 Nxc4 33. Bg5
d2 34. Bxd2 Nxd2 35. Kf2 Rd8 36. c4 a4 37. Ke2 a3 38. Kd1 a2 39. Kc2 Rb8 40.
Kd3 a1=Q 41. Kxd2 Rb2+ 42. Kd3 Qa3# 0-1

[Event "Lansing (MI Op/3/31)"]
[Site "?"]
[Date "1996.??.??"]
[Round "?"]
[White "Wisckol, Richard"]
[Black "Thurman, John"]
[Result "1-0"]
[WhiteElo "1900"]
[BlackElo "1730"]
[PlyCount "107"]
[EventDate "1996.??.??"]

{3/(31)} 1. c4 e5 2. Nc3 Nf6 3. g3 g6 4. Bg2 c6 5. e4 Bg7 6. Nf3 O-O 7. O-O d5
8. exd5 cxd5 9. Nxe5 dxc4 10. Nxc4 Qc7 11. Ne3 Bd7 12. d4 Nc6 13. Nc2 Bg4 14.
f3 Bf5 15. Be3 Bxc2 16. Qxc2 Nh5 17. Rad1 Rfe8 18. Bf2 Rad8 19. Ne4 Qb8 20. Qc4
Rc8 21. Bh3 Rcd8 22. Ng5 Re7 23. Rfe1 Rc7 24. d5 Nd4 25. Qd3 Nc2 26. Re2 Nb4
27. Qb3 Bf8 28. a3 Na6 29. Ne4 Bd6 30. Rde1 Nc5 31. Nxc5 Bxc5 32. Qb5 a6 33.
Qd3 Bd6 34. Qd2 b5 35. b4 Rc4 36. Re4 Rxe4 37. fxe4 Be5 38. Qc2 Nf6 39. Kg2 Ne8
40. Kg1 Qd6 41. Rc1 Qf6 42. a4 Nd6 43. axb5 axb5 44. Rf1 Nc4 45. Qd3 Ra8 46.
Bc5 Qd8 47. Qf3 Qc7 48. Qf2 Ra3 49. Be6 Bxg3 50. Bxf7+ Kg7 51. Qf6+ Kh6 52.
Bf8+ Kh5 53. Rf5+ Kg4 54. Rg5+ 1-0

[Event "Howell (US Am N/5/14)"]
[Site "?"]
[Date "1996.??.??"]
[Round "?"]
[White "Wisckol, Richard"]
[Black "Redman, D."]
[Result "1-0"]
[WhiteElo "1930"]
[BlackElo "1720"]
[PlyCount "87"]
[EventDate "1996.??.??"]

{5/(14)} 1. c4 Nf6 2. Nc3 g6 3. e4 d6 4. d4 Bg7 5. Nf3 O-O 6. Be2 e5 7. O-O Nc6
8. d5 Ne7 9. Ne1 Nd7 10. Nd3 f5 11. f3 f4 12. g4 fxg3 13. hxg3 Nf6 14. Kg2 h6
15. Rh1 g5 16. Be3 Ng6 17. b4 c6 18. a4 a5 19. dxc6 bxc6 20. b5 Be6 21. Nf2 d5
22. cxd5 cxd5 23. exd5 Bxd5 24. Rc1 Rf7 25. Nxd5 Nxd5 26. Bc5 Rc8 27. Qb3 Rd7
28. Rhd1 Kh7 29. Ne4 Ngf4+ 30. gxf4 gxf4 31. Bf2 Rxc1 32. Rxc1 Qg8 33. Kh2 Qf7
34. Rh1 Bf8 35. Kg1 Qg8+ 36. Kh2 Qf7 37. Bh4 Qh5 38. Kg1 Rg7+ 39. Kf2 Qf7 40.
Qxd5 Bc5+ 41. Qxc5 Qg6 42. Nf6+ Kh8 43. Qc8+ Rg8 44. Nxg8 $138 1-0

[Event "Howell (US Am N/6/9)"]
[Site "?"]
[Date "1996.??.??"]
[Round "?"]
[White "Wisckol, Richard"]
[Black "Marson, Michael"]
[Result "1/2-1/2"]
[WhiteElo "1930"]
[BlackElo "1660"]
[PlyCount "60"]
[EventDate "1996.??.??"]

{6/(9)} 1. c4 Nf6 2. Nc3 g6 3. e4 d6 4. d4 Bg7 5. Nf3 O-O 6. Be2 c5 7. O-O cxd4
8. Nxd4 Nc6 9. Be3 Ng4 10. Bxg4 Bxg4 11. Qxg4 Bxd4 12. Bxd4 Nxd4 13. Qd1 Nc6
14. Qd2 f5 15. Rad1 fxe4 16. Qd5+ Kh8 17. Qxe4 Qc8 18. Rfe1 Qf5 19. Qxf5 Rxf5
20. Nd5 Raf8 21. f3 e5 22. Ne3 R5f6 23. Nc2 Kg7 24. Rd2 Kf7 25. b4 Rc8 26. c5
dxc5 27. Rd7+ Ke6 28. Rxb7 cxb4 29. Nxb4 Nxb4 30. Rxb4 Rc2 1/2-1/2

[Event "Lansing (MI Op/6/18)"]
[Site "?"]
[Date "1996.??.??"]
[Round "?"]
[White "Wisckol, Richard"]
[Black "Mankiewicz, Ryan"]
[Result "0-1"]
[WhiteElo "1900"]
[BlackElo "2005"]
[PlyCount "101"]
[EventDate "1996.??.??"]

{6/(18)} 1. c4 e5 2. Nc3 d6 3. g3 f5 4. Bg2 Nf6 5. e3 Be7 6. Nge2 O-O 7. O-O
Nbd7 8. b4 c6 9. d3 Qe8 10. Qb3 Kh8 11. d4 Qh5 12. Qc2 Ng4 13. h3 Nh6 14. d5 c5
15. a3 Rf6 16. Nb5 Nf7 17. Nc7 Rb8 18. f4 e4 19. Bb2 Rh6 20. Ne6 Nf6 21. bxc5
dxc5 22. Nc7 Nd6 23. Be5 Bd7 24. Nb5 Bxb5 25. cxb5 Nxd5 26. Kf2 Rc8 27. Rfd1
Nb6 28. Qc3 Qf7 29. a4 Nbc4 30. Bf1 Re6 31. Rd5 Rxe5 32. fxe5 Qxd5 33. exd6
Nxd6 34. Nf4 Qf7 35. Rd1 Qa2+ 36. Rd2 Qxa4 37. Nh5 Ne8 38. Qe5 Qb4 39. Rd7 Bf6
40. Qe6 Qb2+ 41. Be2 Qe5 42. Qa2 Nd6 43. Qxa7 Qe6 44. Nxf6 gxf6 45. Rxb7 Nxb7
46. Qxb7 c4 47. Bd1 Rd8 48. Qc6 Qd6 49. Qxd6 Rxd6 50. Ke2 Kg7 51. b6 0-1

[Event "Howell (US Am N/2/15)"]
[Site "?"]
[Date "1996.??.??"]
[Round "?"]
[White "Wisckol, Richard"]
[Black "Griffin, John"]
[Result "1/2-1/2"]
[WhiteElo "1930"]
[BlackElo "1630"]
[PlyCount "132"]
[EventDate "1996.??.??"]

{2/(15)} 1. c4 c5 2. Nc3 Nf6 3. Nf3 e6 4. d4 cxd4 5. Nxd4 b6 6. Ndb5 d6 7. Bf4
a6 8. Nxd6+ Bxd6 9. Qxd6 Qxd6 10. Bxd6 Bb7 11. f3 Nfd7 12. Kf2 f6 13. e3 Nc6
14. Be2 Rc8 15. Rac1 Kf7 16. Rhd1 Rhd8 17. Ba3 Ndb8 18. Ne4 Rc7 19. Rxd8 Nxd8
20. Rd1 Ndc6 21. Bd6 Rc8 22. Bg3 Kg6 23. Rd6 e5 24. Nc3 Rd8 25. Rxd8 Nxd8 26.
Nd5 Nd7 27. Bd3+ Kh6 28. Bf5 Bxd5 29. cxd5 Nc5 30. Bc2 b5 31. Ke2 g6 32. Be1
Kg7 33. h4 Ncb7 34. a4 Nd6 35. axb5 Nxb5 36. Kd3 Nb7 37. Kc4 N5d6+ 38. Kb4 Kf7
39. h5 f5 40. hxg6+ hxg6 41. b3 Ke7 42. Bh4+ Kf7 43. g4 Kg7 44. Be7 Nc8 45. d6
Kf7 46. gxf5 gxf5 47. Bxf5 Nxe7 48. dxe7 a5+ 49. Kc3 Nd6 50. Bd3 Kxe7 51. f4
Kf6 52. fxe5+ Kxe5 53. Bh7 Kd5 54. Kd3 Ke5 55. e4 Nb5 56. Kc4 Nd4 57. Bf5 Nc6
58. Bh7 Nd4 59. Kc3 Nc6 60. Kd3 Nd4 61. Bg8 Nc6 62. Bd5 Nb4+ 63. Kc4 Nc2 64.
Kb5 Nd4+ 65. Ka4 Kf4 66. Kxa5 Nxb3+ 1/2-1/2

[Event "Detroit (Class A/2/9)"]
[Site "?"]
[Date "1996.??.??"]
[Round "?"]
[White "Wisckol, Richard"]
[Black "Forte, Joe"]
[Result "1-0"]
[WhiteElo "1860"]
[BlackElo "1915"]
[PlyCount "71"]
[EventDate "1996.??.??"]

{2/(9)} 1. c4 Nf6 2. Nc3 e5 3. g3 d5 4. cxd5 Nxd5 5. Bg2 Be6 6. e3 Bb4 7. Nf3
Bxc3 8. bxc3 Nc6 9. Ba3 Nb6 10. d3 Qd7 11. Qc2 O-O-O 12. Rd1 Bh3 13. O-O Bxg2
14. Kxg2 h5 15. h4 f6 16. d4 Qe6 17. e4 exd4 18. cxd4 Qc4 19. Qxc4 Nxc4 20. Bc1
Rhe8 21. Rfe1 b5 22. Bf4 a5 23. a4 Na7 24. axb5 Nxb5 25. Rc1 Nba3 26. Rc3 c5
27. d5 f5 28. Nd2 Nxd2 29. Rxc5+ Kb7 30. Bxd2 Rxe4 31. Rxe4 fxe4 32. Bxa5 Rd7
33. Bb4 Nb1 34. Rc1 Rxd5 35. Rxb1 Rb5 36. Rb2 1-0

[Event "Detroit (Class A/5/6)"]
[Site "?"]
[Date "1996.??.??"]
[Round "?"]
[White "Wisckol, Richard"]
[Black "Bauerle, Paul"]
[Result "1-0"]
[WhiteElo "1860"]
[BlackElo "1900"]
[PlyCount "139"]
[EventDate "1996.??.??"]

{5/(6)} 1. c4 Nf6 2. Nc3 g6 3. e4 d6 4. d4 Bg7 5. Nf3 O-O 6. Be2 e5 7. O-O Nc6
8. d5 Ne7 9. Ne1 Nd7 10. Nd3 f5 11. Bd2 Nf6 12. f3 f4 13. g4 g5 14. b4 c6 15.
a4 a5 16. Rb1 Ne8 17. Be1 axb4 18. Nxb4 c5 19. Nc2 Ng6 20. Na3 Rf7 21. Qb3 b6
22. Qxb6 Qxb6 23. Rxb6 Rfa7 24. Nab5 Ra6 25. Rxa6 Rxa6 26. Bd1 Bf6 27. Rf2 Bd8
28. Rb2 Ba5 29. Kf2 Bd7 30. Ne2 Bxe1+ 31. Kxe1 Ne7 32. Nbc3 Nc8 33. Rb7 Nf6 34.
Nb5 Kf8 35. Nec3 Ke7 36. Nc7 Rb6 37. Rxb6 Nxb6 38. Bb3 Ne8 39. Nxe8 Bxe8 40. a5
Nd7 41. Ba4 Nb8 42. Bxe8 Kxe8 43. Nb5 Kd7 44. Kd2 Na6 45. Kc3 Ke7 46. Na7 Nc7
47. Kb3 Kd7 48. Ka4 Ke7 49. Nc6+ Kd7 50. Na7 Ke7 51. Nb5 Na6 52. Na3 Nc7 53.
Nc2 Kd7 54. Ne1 Ke7 55. Ng2 Kf6 56. h4 h6 57. hxg5+ Kxg5 58. a6 Nxa6 59. Kb5
Nc7+ 60. Kc6 Ne8 61. Kd7 Nf6+ 62. Kxd6 Nxe4+ 63. Kxe5 Nd2 64. d6 Nxc4+ 65. Kd5
Nxd6 66. Kxd6 c4 67. Kd5 c3 68. Ne1 Kh4 69. Ke4 Kg3 70. Nc2 1-0

[Event "Lansing (MI Op/1a/6)"]
[Site "?"]
[Date "1996.??.??"]
[Round "?"]
[White "Wisckol, Richard"]
[Black "Avery, Robert W"]
[Result "0-1"]
[WhiteElo "1900"]
[BlackElo "2140"]
[PlyCount "116"]
[EventDate "1996.??.??"]

1. c4 e5 2. Nc3 Nf6 3. g3 Bb4 4. Bg2 O-O 5. e3 Re8 6. Nge2 Nc6 7. O-O d6 8. a3
Ba5 9. b4 Bb6 10. Nd5 Nxd5 11. cxd5 Ne7 12. Nc3 Bf5 13. Qe2 Qd7 14. Bb2 a6 15.
Rac1 c6 16. dxc6 bxc6 17. Kh1 Bh3 18. Qd3 Bc7 19. Ne4 Bf5 20. Qb3 Reb8 21. Ng5
Bg6 22. d4 h6 23. Nf3 e4 24. Nd2 d5 25. f3 exf3 26. Rxf3 a5 27. Rff1 Bd6 28.
Bc3 Bd3 29. Rf2 a4 30. Qd1 f5 31. Nf3 Be4 32. Nd2 Rf8 33. Qe2 Qe6 34. Rcf1 g6
35. Bxe4 dxe4 36. Nc4 Rfd8 37. Rc1 Bc7 38. Bb2 h5 39. Rc2 Kh7 40. Rf1 Qd5 41.
Bc1 Kg7 42. Nd2 Bd6 43. Qc4 Kf7 44. Nb1 Ke6 45. Bd2 Kd7 46. Rfc1 Rh8 47. Qxd5
Nxd5 48. Rxc6 h4 49. g4 fxg4 50. R6c2 g3 51. h3 Rhf8 52. Nc3 Nxc3 53. Bxc3 Rf3
54. Re2 Raf8 55. Be1 g5 56. Kg2 g4 57. Rcc2 gxh3+ 58. Kxh3 g2+ 0-1

[Event "Howell (US Am N/1/19)"]
[Site "?"]
[Date "1996.??.??"]
[Round "?"]
[White "Williams, Ron"]
[Black "Zuniga, Jesus"]
[Result "1-0"]
[WhiteElo "1900"]
[BlackElo "1605"]
[PlyCount "61"]
[EventDate "1996.??.??"]

{1/(19)} 1. e4 e6 2. d3 d5 3. Nd2 Nf6 4. e5 Nfd7 5. Ngf3 c5 6. c3 Nc6 7. d4 Qb6
8. Nb3 cxd4 9. cxd4 Bb4+ 10. Bd2 O-O 11. Bd3 f6 12. O-O Bxd2 13. Qxd2 h6 14.
Rae1 Qb4 15. Qd1 Qe7 16. Nh4 Qd8 17. Ng6 Rf7 18. f4 f5 19. g4 Nf8 20. gxf5 exf5
21. Nxf8 Qxf8 22. Qf3 Ne7 23. Rc1 Qd8 24. Rc2 Bd7 25. Rg2 Rc8 26. Kh1 b6 27.
Rfg1 Qf8 28. Qh5 g6 29. Rxg6+ Nxg6 30. Rxg6+ Rg7 31. Rxh6 1-0

[Event "Lansing (MI Op/1b/7)"]
[Site "?"]
[Date "1996.??.??"]
[Round "?"]
[White "Williams, Ron"]
[Black "Zaremba, Andrei"]
[Result "1-0"]
[WhiteElo "1905"]
[BlackElo "2175"]
[PlyCount "104"]
[EventDate "1996.??.??"]

1. c4 e5 2. Nc3 Nf6 3. g3 d5 4. cxd5 Nxd5 5. Bg2 Be6 6. d3 Nc6 7. Nf3 f6 8. Bd2
Qd7 9. h3 O-O-O 10. O-O h5 11. h4 g5 12. hxg5 h4 13. Nxh4 Nxc3 14. bxc3 Bh3 15.
Qa4 Bxg2 16. Kxg2 f5 17. f3 f4 18. Rh1 Rg8 19. gxf4 Be7 20. Rab1 exf4 21. Bxf4
Bxg5 22. Bxg5 Rxg5+ 23. Kf2 Qe7 24. Qb3 b6 25. d4 Re8 26. e4 Reg8 27. Qc4 Na5
28. Qd3 Qa3 29. Qc2 Qe7 30. Qd3 Qf7 31. Qf1 Qxa2+ 32. Qe2 Rg2+ 33. Nxg2 Rxg2+
34. Kxg2 Qxe2+ 35. Kg3 Qd3 36. e5 Qxc3 37. Rbe1 Nc4 38. Re4 Nd2 39. Rf4 Qe3 40.
Kg4 a5 41. Rh6 Kb7 42. e6 Nxf3 43. d5 Ne5+ 44. Kf5 Nd3 45. Rfh4 Qe5+ 46. Kg6
Nf4+ 47. Kf7 Nxd5 48. R4h5 Qd6 49. Rxd5 Qxd5 50. Ke8 a4 51. Rf6 a3 52. e7 a2
1-0